[Event "Summer Cup"]
[Site "Wellington Chess Club"]
[Date "2019.02.07"]
[Round "1.4"]
[White "Nijman, Brian"]
[Black "Ashe, Michael"]
[Result "1-0"]
[WhiteElo "2175"]
[BlackElo "1572"]

1. d4 Nf6 2. Bg5 e6 3. e4 h6 4. Bxf6 Qxf6 5. Nc3 Bb4 6. Qd3 c5 7. e5 Qe7 8.
O-O-O a6 9. Ne4 O-O 10. c3 Ba5 11. Nxc5 b5 12. f4 d6 13. Ne4 d5 14. Nd6 Bc7 15.
Nxc8 Rxc8 16. Kb1 Nd7 17. f5 f6 18. fxe6 Qxe6 19. g3 fxe5 20. Bh3 Qe7 21. dxe5
Nxe5 22. Qxd5+ Nf7 23. Bxc8 Rxc8 24. Nf3 Rd8 25. Qf5 Nd6 26. Qc2 Rf8 27. Rhe1
Qf6 28. Ne5 Qf2 29. Re2 Qf5 30. Ng6 Qxc2+ 31. Kxc2 Rf6 32. Ne7+ Kh7 33. Nd5 Rf7
34. Nxc7 1-0

[Event "Summer Cup"]
[Site "Wellington Chess Club"]
[Date "2019.02.07"]
[Round "1.5"]
[White "Osborne, Geoff"]
[Black "Winter, Ryan"]
[Result "0-1"]
[WhiteElo "1550"]
[BlackElo "2118"]

1. e4 c6 2. d3 d5 3. Nd2 e5 4. Ngf3 Bd6 5. g3 Nf6 6. Bg2 O-O 7. O-O Re8 8. Re1
Nbd7 9. a3 a5 10. b3 Qc7 11. Bb2 b6 12. h3 Bb7 13. Nh2 Rad8 14. Ng4 Nxg4 15.
Qxg4 Nf6 16. Qd1 Bc5 17. Qe2 Bd6 18. h4 Bc8 19. f3 Nh5 20. Nf1 Nf6 21. Nh2 Bc5+
22. Kh1 Nh5 23. Nf1 Qe7 24. Kh2 Qf6 25. Bc1 Nf4 26. gxf4 Qxh4+ {White resigns
(mate next move)} 0-1

[Event "Summer Cup"]
[Site "Wellington Chess Club"]
[Date "2019.02.07"]
[Round "1.6"]
[White "Nyberg, Michael"]
[Black "Darr, Samuel"]
[Result "1-0"]
[WhiteElo "2099"]
[BlackElo "1549"]

1. d4 Nf6 2. Nf3 g6 3. e3 Bg7 4. Bd3 e6 5. b3 d5 6. Bb2 Bd7 7. Nbd2 Nc6 8. c4
Ne7 9. Qe2 O-O 10. O-O Rc8 11. Rac1 b6 12. Ba3 c6 13. Ne5 Be8 14. cxd5 exd5 15.
f4 Nd7 16. Bxe7 Qxe7 17. Nxc6 Qa3 18. Ne7+ Qxe7 19. Rxc8 Qh4 20. Nf3 Qg4 21.
Rc7 Nf6 22. Ne5 Qh4 23. Rxa7 Nh5 24. Nf3 Qg4 25. Rc1 Nf6 26. Ne5 Qh4 27. Qf3
Kh8 28. Qg3 Qh6 29. Ng4 Nxg4 30. Qxg4 Bf6 31. Rc8 Qg7 32. Raa8 Bxd4 33. Rxe8
Bc5 34. Rxf8+ Bxf8 35. Qc8 Kg8 36. Qxf8+ Qxf8 37. Rxf8+ Kxf8 38. Kf1 Ke7 39.
Ke2 Kd6 40. Kd2 b5 41. Bxb5 Kc5 42. Be8 f5 43. Kc3 Kd6 44. Kd4 Ke7 45. Bc6 Kd6
46. Bxd5 Kd7 47. a4 Kc7 48. Kc5 Kc8 49. a5 Kb8 50. Kb6 h6 51. a6 g5 52. a7+ Kc8
1-0

[Event "Summer Cup"]
[Site "Wellington Chess Club"]
[Date "2019.02.07"]
[Round "1.7"]
[White "Heyworth, Nicholas"]
[Black "Tanoi, Edward"]
[Result "1/2-1/2"]
[WhiteElo "1532"]
[BlackElo "2060"]

1. e4 c5 2. Nc3 Nc6 3. Bb5 e6 4. Bxc6 bxc6 5. f4 d5 6. d3 g6 7. Nf3 Bg7 8. O-O
Ne7 9. Na4 Qa5 10. c4 dxe4 11. dxe4 Ba6 12. Qc2 Qb4 13. Rd1 Qxc4 14. Qxc4 Bxc4
15. Nxc5 Be2 16. Rd7 Bxf3 17. gxf3 O-O 18. Nxe6 fxe6 19. Rxe7 Bd4+ 20. Kf1 e5
21. Rb1 exf4 22. b3 a5 23. Bb2 Rfd8 24. Bxd4 Rxd4 25. Ke2 Rad8 26. Rb2 Rd1 27.
Kf2 R1d2+ 28. Rxd2 Rxd2+ 29. Kg1 Rxa2 30. Ra7 Rb2 31. Rxa5 Rxb3 32. Kf2 Rb2+
33. Kg1 h6 34. Rc5 Rb6 35. Kg2 Kf7 36. Kh3 Ke6 37. Kg4 Kd6 38. Rc2 Ke5 39. h4
Ra6 40. Rc1 Rb6 41. Rc2 Ra6 42. Rc1 Rb6 43. Rc2 Rb1 44. Rxc6 Rg1+ 45. Kh3 Rg3+
46. Kh2 Rxf3 47. Rxg6 Kxe4 48. Rxh6 Rg3 49. h5 Kf3 50. Rg6 Kf2 51. Rf6 f3 52.
h6 Rg2+ 53. Kh3 Rg1 54. Kh4 Ke2 1/2-1/2

[Event "Summer Cup"]
[Site "Wellington Chess Club"]
[Date "2019.02.07"]
[Round "1.8"]
[White "Sellen, Ian"]
[Black "Hurndell, Robert"]
[Result "1-0"]
[WhiteElo "2041"]
[BlackElo "1518"]

1. c4 c5 2. Nc3 Nc6 3. Nf3 g6 4. g3 Bg7 5. Bg2 Nf6 6. O-O O-O 7. d3 e6 8. Bf4
d6 9. Qc1 a6 10. Bh6 Ne7 11. Bxg7 Kxg7 12. d4 cxd4 13. Nxd4 Rb8 14. Rd1 Bd7 15.
Qd2 b5 16. cxb5 axb5 17. b4 Qb6 18. Nb3 d5 19. Nc5 Bc6 20. e3 Nf5 21. Qb2 Nd6
22. Ne2 Nc4 23. Qc3 Qd8 24. Nd4 Ba8 25. Ndxe6+ 1-0

[Event "Summer Cup"]
[Site "Wellington Chess Club"]
[Date "2019.02.07"]
[Round "1.9"]
[White "Kibblewhite, Daniel"]
[Black "Forster, Bill"]
[Result "1-0"]
[WhiteElo "1496"]
[BlackElo "2023"]

1. d4 d5 2. c4 c6 3. e3 Nf6 4. Nc3 e6 5. Bd2 {I thought this was weird, but it
seems to be a respectable sideline - although normally White follows up with a
quick Rc1} 5... Nbd7 6. Nf3 Bd6 7. Bd3 dxc4 8. Bxc4 b5 9. Bd3 a6 10. O-O O-O
11. Ne4 Nxe4 12. Bxe4 Bb7 13. Rc1 Qb6 14. Qc2 Nf6 (14... f5 $1) 15. Bd3 Rfe8
16. e4 e5 17. dxe5 Bxe5 18. Nxe5 Rxe5 19. Bf4 Rh5 $4 20. Be2 Rh4 21. Bg5 $1
Rxe4 22. Bxf6 Rxe2 23. Qxe2 gxf6 24. Qe7 Bc8 25. Qxf6 Be6 26. Rc3 Rd8 27. Rxc6
Qxc6 28. Qxd8+ Kg7 29. Qg5+ Kh8 30. Rd1 1-0

[Event "Summer Cup"]
[Site "Wellington Chess Club"]
[Date "2019.02.07"]
[Round "1.10"]
[White "Benitez, Edgar"]
[Black "Stannard, Lars"]
[Result "1-0"]
[WhiteElo "2017"]
[BlackElo "1357"]

1. d4 d5 2. Nf3 Nf6 3. Bf4 e6 4. e3 Bd6 5. Bg5 h6 6. Bh4 g5 7. Bg3 b6 8. Nbd2
Bb7 9. Bd3 Bxg3 10. hxg3 Nbd7 11. Nxg5 Qe7 12. Ngf3 O-O-O 13. Qe2 e5 14. Ba6
exd4 15. Nxd4 Nc5 16. Nc6 Qd6 17. Bxb7+ Kxb7 18. Nxd8+ Qxd8 19. O-O-O Qd7 20.
Qf3 Ng4 21. Rh5 c6 22. Rf5 Nh2 23. Qh5 Kb8 24. g4 Qd6 25. g3 Nxg4 26. Qxg4 f6
27. Qg7 Rf8 28. Nc4 Qe6 29. Qxf8+ 1-0

[Event "Summer Cup"]
[Site "Wellington Chess Club"]
[Date "2019.02.07"]
[Round "1.12"]
[White "Jackson, Ross"]
[Black "Stannard, Bobby"]
[Result "1-0"]
[WhiteElo "1955"]
[BlackElo "1357"]

1. d4 d5 2. c4 e6 3. Nc3 Bb4 4. e3 Nf6 5. Bd3 c5 6. Ne2 Nc6 7. O-O O-O 8. a3
cxd4 9. exd4 Ba5 10. c5 b6 11. b4 bxc5 12. bxa5 cxd4 13. Nb5 e5 14. a4 Qxa5 15.
Bd2 Qd8 16. Rc1 Bb7 17. Bf5 Ne7 18. Bh3 a6 19. Na3 Qe8 20. f4 d3 21. Ng3 e4 22.
Bc3 Nd7 23. Qg4 f6 24. Qxd7 Bc6 25. Qe6+ Kh8 26. Bb4 Rf7 27. Bxe7 Rxe7 28. Qxc6
Qxc6 29. Rxc6 e3 30. Rd6 e2 31. Nxe2 Rxe2 32. Rxd5 d2 33. Nc4 1-0

[Event "Summer Cup"]
[Site "Wellington Chess Club"]
[Date "2019.02.07"]
[Round "1.13"]
[White "Theodosiou, Andreas"]
[Black "Wilkins, Mark"]
[Result "0-1"]
[WhiteElo "1356"]
[BlackElo "1933"]

1. d4 Nf6 2. Nf3 e6 3. c4 Bb4+ 4. Nc3 O-O 5. Bg5 d5 6. e3 c5 7. a3 Bxc3+ 8.
bxc3 Qa5 9. Qc2 Ne4 10. Bd3 cxd4 11. exd4 Qxc3+ 12. Qxc3 Nxc3 13. O-O dxc4 14.
Bxc4 b5 15. Bd3 Bb7 16. Rac1 Ne4 17. Bxb5 Nxg5 18. Nxg5 h6 19. Rc7 Ba6 20. Bxa6
Nxa6 21. Rc6 Nb8 22. Nxe6 fxe6 23. Rxe6 Nd7 24. Rfe1 Nf6 25. h3 Rfe8 26. Rxe8+
Rxe8 27. Rxe8+ Nxe8 28. f4 Kf7 29. Kf2 Ke6 30. Ke3 Kd5 31. g4 Nd6 32. g5 h5 33.
g6 Nf5+ 34. Kf3 Kxd4 35. a4 a5 36. Ke2 Ke4 37. Kd2 Nd6 38. Kc3 h4 39. f5 Kxf5
40. Kd4 Ne4 41. Kc4 Nd6+ 42. Kc5 Ke5 43. Kb6 Kd5 44. Kc7 Nc4 45. Kd7 Ne5+ 46.
Kc7 Nxg6 47. Kb6 Nf4 48. Kxa5 Kc5 49. Ka6 Kc6 50. a5 Nxh3 51. Ka7 Nf4 52. Kb8
Nd5 0-1

[Event "Summer Cup"]
[Site "Wellington Chess Club"]
[Date "2019.02.07"]
[Round "1.14"]
[White "Mullan, Brett"]
[Black "Quayle, Jamie"]
[Result "1/2-1/2"]
[WhiteElo "1923"]
[BlackElo "1300"]

1. e4 c5 2. Nf3 Nc6 3. d4 cxd4 4. Nxd4 e5 5. Nf3 Nf6 6. Nc3 a6 7. a3 Be7 8. Bd3
O-O 9. O-O b5 10. Re1 Bb7 11. h3 Rc8 12. Bg5 Qb6 13. Nd5 Nxd5 14. exd5 Bxg5 15.
Nxg5 Ne7 16. Bxh7+ Kh8 17. Be4 Qh6 18. d6 Nf5 19. Bxb7 Rb8 20. Nxf7+ Rxf7 21.
Qd5 Nxd6 22. Rxe5 Qf6 23. Bxa6 Qxf2+ 24. Kh1 Nf5 25. Bxb5 Rbf8 26. Bd3 Ng3+ 27.
Kh2 Qf4 1/2-1/2

[Event "Summer Cup"]
[Site "Wellington Chess Club"]
[Date "2019.02.07"]
[Round "1.15"]
[White "Langford, Josh"]
[Black "Rossiter, Philip"]
[Result "0-1"]
[WhiteElo "1291"]
[BlackElo "1923"]

1. e4 e6 2. Nf3 c5 3. d4 cxd4 4. Nxd4 Nc6 5. Nc3 d6 6. Bb5 Bd7 7. Nxc6 bxc6 8.
Ba4 Be7 9. O-O Nf6 10. f4 Qc7 11. Qe1 O-O 12. e5 Nd5 13. Nxd5 cxd5 14. Bxd7
Qxd7 15. Rf3 Rac8 16. c3 Rc4 17. Re3 dxe5 18. fxe5 Bc5 0-1

[Event "Summer Cup"]
[Site "Wellington Chess Club"]
[Date "2019.02.07"]
[Round "1.16"]
[White "Sole, Michael"]
[Black "Sole, Christopher"]
[Result "1-0"]
[WhiteElo "1897"]
[BlackElo "1230"]

1. c4 d5 2. cxd5 Qxd5 3. Nc3 Qd8 4. Nf3 Nc6 5. d4 e6 6. Bf4 a6 7. Rc1 Bb4 8. a3
Ba5 9. b4 Bb6 10. e3 Nge7 11. Bd3 Nd5 12. Bg3 h6 13. Na4 Ba7 14. Qc2 Nde7 15.
O-O Nf5 16. Bxf5 exf5 17. Rfd1 Be6 18. d5 Bxd5 19. Nc3 Ne7 20. Nxd5 Nxd5 21.
Qxf5 c6 22. e4 g6 23. Qe5+ Qe7 24. Qxh8+ 1-0

[Event "Summer Cup"]
[Site "Wellington Chess Club"]
[Date "2019.02.07"]
[Round "1.17"]
[White "Asher, Bruce"]
[Black "Day, Fabian"]
[Result "0-1"]
[WhiteElo "1216"]
[BlackElo "1896"]

1. e4 c5 2. Nc3 Nc6 3. Bc4 e6 4. Nf3 Nge7 5. d3 g6 6. O-O d5 7. exd5 exd5 8.
Bb5 Bg7 9. Bxc6+ bxc6 10. Qe2 O-O 11. Bg5 Be6 12. Ne5 Qd6 13. Bxe7 Qxe7 14.
Nxc6 Qc7 15. Nxa7 Rxa7 16. Nb5 Qb6 17. Nxa7 Qxa7 18. c3 h5 19. h3 Bf5 20. f4
c4+ 21. Rf2 cxd3 22. Qd2 Rc8 23. Kh2 d4 24. g4 dxc3 25. bxc3 Bxc3 26. Rc1 Bxd2
27. Rxc8+ Kg7 28. Rxd2 Qe3 29. Rg2 Qxf4+ 30. Rg3 Bxc8 0-1

[Event "Summer Cup"]
[Site "Wellington Chess Club"]
[Date "2019.02.07"]
[Round "1.18"]
[White "Chen, Wei Kai"]
[Black "Cooke, Xandi"]
[Result "1-0"]
[WhiteElo "1895"]
[BlackElo "1200"]

1. e4 c5 2. Nc3 d6 3. f4 Nc6 4. Nf3 Nf6 5. Bc4 e5 6. O-O exf4 7. d4 cxd4 8.
Nxd4 Bd7 9. Bxf4 g6 10. Bg5 Bg7 11. Nd5 O-O 12. Nxf6+ Bxf6 13. Rxf6 Qb6 14. c3
Qxb2 15. Nxc6 bxc6 16. Bh6 Rfe8 17. Bxf7+ Kh8 18. Bxe8 Rxe8 19. Rf8+ Rxf8 20.
Qd4+ 1-0

[Event "Summer Cup"]
[Site "Wellington Chess Club"]
[Date "2019.02.07"]
[Round "1.19"]
[White "Mukherjee, Raash"]
[Black "Hall, Nathan"]
[Result "0-1"]
[WhiteElo "1200"]
[BlackElo "1889"]

1. e4 e6 2. d4 d5 3. Nc3 Nf6 4. e5 Nfd7 5. Nf3 c5 6. Be3 cxd4 7. Bxd4 Nc6 8.
Bb5 Qc7 9. O-O Bb4 10. Qd3 Nxd4 11. Qxd4 Bxc3 12. bxc3 O-O 13. Bd3 h6 14. Rfe1
Nb6 15. Re3 f5 16. exf6 Rxf6 17. Ne5 Nd7 18. Ng6 Nf8 19. Rg3 Nxg6 20. Bxg6 Qf4
21. Rf1 b6 22. Qd3 Bd7 23. Rf3 Qe5 24. Rxf6 Qxf6 25. Bh5 Rc8 26. Qa6 Rc7 27.
Qe2 Qxc3 28. Bg6 Qf6 29. Bd3 Qb2 30. Qg4 e5 31. Qg3 Qc3 32. Qh4 e4 33. Be2 Qxc2
34. Qd8+ Kh7 35. Bh5 Qc6 0-1

[Event "Summer Cup"]
[Site "Wellington Chess Club"]
[Date "2019.02.07"]
[Round "1.20"]
[White "Aldridge, Alan"]
[Black "Carroll, Lewis"]
[Result "1-0"]
[WhiteElo "1877"]
[BlackElo "1178"]

1. d4 d5 2. c4 e6 3. Nc3 Nf6 4. Bg5 Nbd7 5. Nf3 c6 6. e3 Qa5 7. Bxf6 Nxf6 8.
Nd2 dxc4 9. Bxc4 Nd5 10. Bxd5 exd5 11. O-O Qc7 12. e4 dxe4 13. Ncxe4 f5 14. Ng5
Kd8 15. Qb3 Ke7 16. Rfe1+ Kf6 17. Ndf3 g6 18. Re8 h6 19. d5 hxg5 20. Qc3+ Kf7
21. Nxg5+ Kxe8 22. Re1+ Kd7 23. Qxh8 Bd6 24. Qe8# 1-0

[Event "Summer Cup"]
[Site "Wellington Chess Club"]
[Date "2019.02.07"]
[Round "1.21"]
[White "Ackroyd, William"]
[Black "Stoeveken, Peter"]
[Result "0-1"]
[WhiteElo "1100"]
[BlackElo "1853"]

1. e4 c5 2. Nf3 Nc6 3. d4 cxd4 4. Nxd4 e5 5. Nf3 Nf6 6. Nc3 Bb4 7. Bg5 h6 8.
Bxf6 Bxc3+ 9. bxc3 Qxf6 10. Be2 O-O 11. O-O Ne7 12. Bb5 d6 13. Qd2 Bg4 14. Be2
Rfd8 15. c4 Rac8 16. Qd3 Ng6 17. g3 Rc7 18. Nd2 Be6 19. Qa3 a6 20. Rab1 Ne7 21.
Rb4 Nc6 22. Rb2 Nd4 23. Bd3 Qg5 24. f4 exf4 25. Rxf4 Qh5 26. c3 Ne2+ 27. Bxe2
Qxe2 28. Nb3 Qe1+ 29. Kg2 Qxc3 30. Rff2 Rxc4 0-1

[Event "Summer Cup"]
[Site "Wellington Chess Club"]
[Date "2019.02.07"]
[Round "1.22"]
[White "He, Caleb"]
[Black "Anderson, Nicholai"]
[Result "1-0"]
[WhiteElo "1845"]
[BlackElo "1100"]

1. e4 e5 2. Nf3 Nc6 3. Nc3 Bc5 4. Nxe5 Nxe5 5. d4 d6 6. dxc5 dxc5 7. Qxd8+ Kxd8
8. Bf4 f6 9. Bxe5 fxe5 10. O-O-O+ Bd7 11. Rd5 Nf6 12. Rxc5 Re8 13. f3 b6 14.
Rc4 c6 15. Nd1 Rb8 16. Ne3 b5 17. Rc3 Rb6 18. Ra3 a6 19. Be2 Kc7 20. Rd1 Rd8
21. Rad3 Be6 22. Rxd8 Rb8 23. Rxb8 Kxb8 24. Rd6 Bxa2 25. b3 Kc7 26. Rxf6 gxf6
27. Kb2 1-0

[Event "Summer Cup"]
[Site "Wellington Chess Club"]
[Date "2019.02.07"]
[Round "1.23"]
[White "Paley, Yonah"]
[Black "Brockway, Andrew"]
[Result "0-1"]
[WhiteElo "1100"]
[BlackElo "1841"]

1. d4 Nf6 2. Nf3 e6 3. Nc3 d5 4. a3 c5 5. Bf4 Nc6 6. e3 a6 7. dxc5 Bxc5 8. e4
d4 9. e5 Nh5 10. Ne2 Nxf4 11. Nxf4 O-O 12. Bd3 f6 13. Bc4 Qe7 14. exf6 Rxf6 15.
g3 Kh8 16. O-O Qf8 17. Re1 e5 18. Nxe5 Nxe5 19. Rxe5 Bd6 20. Qxd4 Bxe5 21. Qxe5
Bg4 22. Kg2 Re8 23. Qg5 Bd7 24. Bd3 Bc6+ 25. f3 Qf7 26. Qh4 Rh6 27. Qg5 Rf6 28.
Rf1 Rh6 29. h4 Qf6 30. Qc5 Qe7 31. Qxe7 Rxe7 32. Kh3 Rf6 33. Kg4 Bd7+ 34. Kg5
Re5+ 35. Bf5 Rexf5+ 36. Kg4 Rxf4+ 0-1

[Event "Summer Cup"]
[Site "Wellington Chess Club"]
[Date "2019.02.07"]
[Round "1.24"]
[White "Slagle, Jim"]
[Black "Dunlop, Rafe"]
[Result "1-0"]
[WhiteElo "1830"]
[BlackElo "1000"]

1. b4 e5 2. Bb2 Nc6 3. b5 Nd4 4. e3 Ne6 5. Bxe5 d6 6. Bb2 Bd7 7. c4 c5 8. Nf3
Qe7 9. Nc3 Nf6 10. g3 a6 11. a4 g6 12. Nd5 Nxd5 13. Bxh8 Nf6 14. Bg2 O-O-O 15.
bxa6 b6 16. Qb3 Bh6 17. Bxf6 Qxf6 18. O-O Bc6 19. Nh4 g5 20. Bxc6 Rg8 21. Qxb6
Nc7 22. a7 gxh4 23. Qb8# 1-0

[Event "Summer Cup"]
[Site "Wellington Chess Club"]
[Date "2019.02.07"]
[Round "1.25"]
[White "Baker, Jack"]
[Black "Enegbuma, Wallace"]
[Result "0-1"]
[WhiteElo "1782"]
[BlackElo "1000"]

1. e4 c5 2. Bc4 e6 3. Nc3 a6 4. a4 Nc6 5. Nf3 Nf6 6. O-O d6 7. d3 Be7 8. Bf4
O-O 9. e5 dxe5 10. Nxe5 Nd4 11. Ne4 Nd5 12. Be3 b6 13. c3 Nf5 14. Nc6 Qc7 15.
Nxe7+ Qxe7 16. Bg5 f6 17. Bd2 Bb7 18. Re1 Rfe8 19. Ng3 Nxg3 20. fxg3 Qd7 21.
Qg4 Rad8 22. Re2 Qc6 23. Rf1 Kh8 24. h4 b5 25. axb5 axb5 26. Bb3 Nc7 27. Qh5
Rxd3 28. Bc2 c4 29. Bxd3 cxd3 30. Ref2 e5 31. Qf7 Ra8 32. h5 Qc4 33. Rxf6 gxf6
34. Qxf6+ Kg8 35. Qg5+ Kh8 36. Qxe5+ Kg8 37. Bh6 $4 (37. Qg5+ Kh8 38. Bf4 $1
{followed by Be5 will soon be checkmate} ) 37... Ne6 {the only move.
Incredibly, black is now holding this} 38. Qf6 $2 (38. Rf5 Be4 39. Rg5+ Kf7
{black survives and is slightly better} ) 38... Qc5+ 39. Rf2 Bd5 40. b4 Qc7 41.
Qf5 Bc4 42. Kh2 Qe7 43. Qe4 Rd8 44. Rf4 d2 45. Rg4+ Kf7 46. Qf5+ Ke8 47. Rg8+
Kd7 48. Rxd8+ Kxd8 49. Bxd2 Qg7 50. g4 Qd7 51. Be3 Bd3 52. Qf6+ Kc8 53. g5 Nc7
54. g6 hxg6 55. hxg6 Ne6 56. Bd4 Qe8 57. Qf7 Qxf7 58. gxf7 Bg6 59. Kg3 Bxf7 60.
Kf3 Nxd4+ 61. cxd4 Bd5+ 62. Kf2 Kd7 63. g4 Ke6 64. Ke3 Ba2 65. g5 Bb1 66. g6
Bxg6 67. Kd2 Kd5 68. Kc3 Be4 69. Kb2 Kxd4 70. Kb3 Bd5+ 71. Ka3 Kc4 72. Kb2 Kxb4
73. Kb1 Kc3 74. Ka1 b4 75. Kb1 0-1

[Event "Summer Cup"]
[Site "Wellington Chess Club"]
[Date "2019.02.14"]
[Round "2.1"]
[White "Ker, Anthony"]
[Black "Sole, Michael"]
[Result "1-0"]
[WhiteElo "2475"]
[BlackElo "1897"]

1. e4 e6 2. d4 d5 3. Nd2 Nf6 4. Bd3 c5 5. c3 Nc6 6. Ngf3 Be7 7. O-O O-O 8. e5
Nd7 9. Re1 cxd4 10. cxd4 f6 11. exf6 Nxf6 12. Nb3 Qb6 13. Bg5 Bb4 14. Re2 Bd7
15. Rc1 Nh5 16. Bb1 Nf4 17. Re3 Rac8 18. Bxf4 Rxf4 19. Ng5 h6 20. Nxe6 Bxe6 21.
Rxe6 Rcf8 22. Qd3 Qc7 23. a3 Bd6 24. Qh7+ Kf7 25. Rce1 Ne7 26. Rxe7+ Bxe7 27.
Bg6+ Kf6 28. Bh5 1-0

[Event "Summer Cup"]
[Site "Wellington Chess Club"]
[Date "2019.02.14"]
[Round "2.2"]
[White "Wastney, Scott"]
[Black "Chen, Wei Kai"]
[Result "1-0"]
[WhiteElo "2396"]
[BlackElo "1895"]

1. e4 c6 2. Nf3 d5 3. Nc3 dxe4 4. Nxe4 Bf5 5. Ng3 Bg6 6. h4 h6 7. Ne5 Bh7 8.
Qh5 g6 9. Qf3 Nf6 10. Qb3 Qd5 11. Qxb7 Qxe5+ 12. Be2 e6 13. Qxa8 Bc5 14. c3 Qc7
15. Ba6 O-O 16. Qb7 Bxf2+ 17. Kxf2 Qf4+ 18. Kg1 Ng4 19. Qxa7 Nxa6 20. Rh3 c5
21. Qxa6 Qf2+ 22. Kh1 Qe1+ 23. Qf1 Nf2+ 24. Kg1 Qe5 25. Qe2 1-0

[Event "Summer Cup"]
[Site "Wellington Chess Club"]
[Date "2019.02.14"]
[Round "2.3"]
[White "Day, Fabian"]
[Black "Nijman, Brian"]
[Result "0-1"]
[WhiteElo "1896"]
[BlackElo "2175"]

1. e4 c5 2. d4 cxd4 3. c3 d5 4. exd5 Qxd5 5. cxd4 Nc6 6. Nf3 e5 7. dxe5 (7. Nc3
Bb4 8. Bd2 Bxc3 9. Bxc3 e4 10. Ne5 Nxe5 11. dxe5 Ne7 12. Qe2 $5 O-O 13. Rd1
Qxa2 14. Bb4 Qe6 15. Qxe4 Re8 16. Bb5 Nc6 17. O-O $14) 7... Qxd1+ 8. Kxd1 Bg4
9. Bf4 Nge7 10. Nd2 Ng6 11. Bg3 Ngxe5 (11... Rd8 $5 12. Kc1 Bb4 13. h3 Bf5 14.
Bb5 O-O 15. Bxc6 Bxd2+ 16. Nxd2 Rc8 17. Kd1 Rxc6 $15) 12. Bb5 $6 (12. Bxe5 Nxe5
13. Bb5+ Kd8 $10) 12... O-O-O 13. Bxc6 Nxc6 14. a3 g6 15. Kc2 $6 (15. Ke1)
15... Bf5+ 16. Kb3 Rd3+ (16... Bh6 $1 17. Nc4 Be6 18. Kc3 Bg7+ 19. Be5 Nxe5 20.
Ncxe5 Rd5 21. Rhe1 Rhd8 22. Rac1 Kb8 23. b3 g5 24. h3 h5 $19) 17. Ka2 Be6+ 18.
b3 Bh6 19. Nc4 b5 $6 (19... Rhd8 20. Rab1 b5 21. Nce5 Nxe5 22. Bxe5 a5 $19) 20.
Nd6+ Kd7 21. Ne5+ $2 (21. Ne4 $1 Bxb3+ 22. Kb1 Kc8 23. Nd6+ Rxd6 $1 24. Bxd6
Rd8 25. Bg3 Bg7) 21... Nxe5 22. Bxe5 f6 (22... Rd2+ 23. Kb1 f6 24. Bg3 Bxb3 $19
) 23. Bxf6 Rf8 $6 (23... Rd2+) 24. Ne4 Rc8 $6 (24... Bxb3+ 25. Kb2 Kc6 $1) 25.
Rab1 Bd5 26. f3 Ke6 $6 (26... a5 27. Ka1 Ke6) 27. Bg5 (27. Rhe1 Be3 $1 28. Bg7
Bxe4 29. fxe4 Rc2+ 30. Rb2 Rc7 $1 31. Bh8 Rc8 32. Rbe2 (32. Bg7 Rg8 33. Rbe2
Rxg7 34. Rxe3 Rd2+ 35. Kb1 Rxg2 36. R1e2 Rxe2 37. Rxe2 Rc7) 32... Rxh8 33. Rxe3
Rd2+ 34. Kb1 Rf8 35. R3e2 Rf2 36. Rxd2 Rxd2) 27... Rc2+ 28. Rb2 Bxb3+ 29. Kb1
Rxb2+ 30. Kxb2 Bg7+ 31. Kc1 $6 (31. Kb1 Bd4 32. Re1 Kd5 33. Nd2 (33. Nf6+ Kc6
34. Nxh7 Bc4 35. Re4 Bd5 36. Rh4 Be6 37. Nf8 Bf5 38. Kc1 Rc3+ 39. Kd1 Bc5 40.
g4 Bb1 41. Ne6 Bb6) 33... a5) 31... Bd4 (31... Bf8 32. Kb2 Bc4 33. Re1 Bxa3+
34. Kc2 Kd7 $19) 32. Re1 Kd5 33. Bf6 Bc4 34. Bxd4 $6 {(best to keep the bishop
on)}  (34. Be7) 34... Kxd4 35. Rd1 Rxd1+ 36. Kxd1 Ke3 37. h4 a5 38. h5 b4 $4 (
38... gxh5 39. Nf6 Bf1) 39. Kc1 $4 (39. axb4 axb4 40. hxg6 hxg6 41. Nf6 Kf4 42.
Nd7 g5 43. Kc2 Bf1 44. Nc5 Bxg2 45. Ne6+ Kf5 46. Nxg5 Kxg5 47. Kb3 $10) 39...
bxa3 40. Kb1 Bd3+ 41. Ka2 Bxe4 42. fxe4 Kxe4 43. hxg6 hxg6 44. Kxa3 g5 45. Ka4
g4 46. Kxa5 g3 47. Kb4 Ke3 48. Kc4 Kf2 49. Kd4 Kxg2 50. Ke4 Kf2 0-1

[Event "Summer Cup"]
[Site "Wellington Chess Club"]
[Date "2019.02.14"]
[Round "2.4"]
[White "Winter, Ryan"]
[Black "Aldridge, Alan"]
[Result "1-0"]
[WhiteElo "2118"]
[BlackElo "1877"]

1. e4 d5 2. exd5 Nf6 3. Nf3 Nxd5 4. d4 Bg4 5. Be2 e6 6. O-O Bd6 7. c4 Nf4 8. c5
Nxe2+ 9. Qxe2 Be7 10. Qb5+ Nd7 11. Ne5 Bf5 12. c6 Nxe5 13. cxb7+ Nd7 14. bxa8=Q
Qxa8 15. Nc3 c6 16. Qe2 Qb8 17. Qf3 O-O 18. b3 Bd6 19. h3 Rc8 20. Be3 Nf6 21.
Na4 Be4 22. Qe2 Bd5 23. Rfc1 Ba3 24. Rd1 Bd6 25. Qa6 Rd8 26. Nc3 Bh2+ 27. Kf1
h6 28. Rac1 g5 29. Qe2 Bd6 30. Nxd5 Nxd5 31. Rxc6 Bb4 32. Rdc1 Qh2 33. Qf3 Kg7
34. Ke2 Qb8 35. Qe4 Ba3 36. R1c4 Qb5 37. Qd3 Nb4 38. R6c5 Qxc5 39. Rxc5 Nxd3
40. Ra5 Bb4 41. Rb5 a6 42. Rb7 Nc5 43. dxc5 Rc8 44. Rxb4 1-0

[Event "Summer Cup"]
[Site "Wellington Chess Club"]
[Date "2019.02.14"]
[Round "2.5"]
[White "Stoeveken, Peter"]
[Black "Nyberg, Michael"]
[Result "0-1"]
[WhiteElo "1853"]
[BlackElo "2099"]

1. d4 Nf6 2. Bg5 Ne4 3. Bh4 c5 4. e3 d5 5. Bd3 Qb6 6. Qc1 cxd4 7. exd4 Qxd4 8.
Ne2 Qb4+ 9. c3 Qb6 10. Bxe4 dxe4 11. Nd2 e3 12. Nc4 exf2+ 13. Bxf2 Qc6 14. Qf4
Qf6 15. Qe4 Nc6 16. O-O Qe6 17. Qd3 Bd7 18. Nf4 Qf5 19. Qg3 g5 20. Ne2 Qg4 21.
Qe3 Qxc4 22. b3 Qe6 23. Qd3 Bg7 24. Rad1 O-O-O 25. Rde1 Qg6 26. Qc4 Be6 27. Qa4
Qd3 28. Bxa7 Qa6 29. Qxa6 bxa6 30. Ng3 Nxa7 0-1

[Event "Summer Cup"]
[Site "Wellington Chess Club"]
[Date "2019.02.14"]
[Round "2.6"]
[White "He, Caleb"]
[Black "Sellen, Ian"]
[Result "1/2-1/2"]
[WhiteElo "1845"]
[BlackElo "2041"]

1. e4 c5 2. Nf3 d6 3. d4 cxd4 4. Qxd4 Nc6 5. Bb5 Bd7 6. Bxc6 bxc6 7. c4 Nf6 8.
Nc3 Qb6 9. Qxb6 axb6 10. h3 e5 11. Be3 Ra6 12. O-O Be7 13. a4 O-O 14. b4 c5 15.
b5 Ra7 16. Bg5 Be6 17. Bxf6 Bxf6 18. Rfd1 Rd8 19. Nd5 Bxd5 20. Rxd5 Be7 21. Rd2
Rda8 22. Rda2 Kf8 23. Nd2 Bd8 24. Nb1 Ke7 25. Nc3 g6 26. g4 Ke6 27. Nd5 f5 28.
f3 fxe4 29. fxe4 Rf7 30. a5 bxa5 31. b6 Rb8 32. Rxa5 Rfb7 33. Ra7 Kd7 34. Kf2
Kc6 35. R1a6 Kd7 36. Ke2 Kc6 37. Kd3 h5 38. Kc2 h4 39. Kc3 Kd7 40. Rxb7+ Rxb7
41. Ra7 {Draw agreed} 1/2-1/2

[Event "Summer Cup"]
[Site "Wellington Chess Club"]
[Date "2019.02.14"]
[Round "2.7"]
[White "Brockway, Andrew"]
[Black "Benitez, Edgar"]
[Result "1/2-1/2"]
[WhiteElo "1841"]
[BlackElo "2017"]

1. e4 e5 2. Nf3 Nc6 3. Bb5 a6 4. Bxc6 dxc6 5. O-O Bg4 6. h3 h5 7. d3 Bd6 8. Be3
Qf6 9. Nbd2 Be6 10. Nc4 Bxc4 11. dxc4 Qe7 12. Qe2 O-O-O 13. Rfd1 Nh6 14. Nh2 g6
15. Rd3 (15. c5 Bxc5 16. Rxd8+ Rxd8 17. Bxh6) 15... f5 16. Bxh6 Rxh6 17. Qe3
Rhh8 18. Qa7 b6 19. Qxa6+ Kd7 20. c5 bxc5 21. Qc4 Qe6 22. Qxe6+ Kxe6 23. c4 f4
24. Nf3 h4 25. Rad1 Rdg8 26. Nh2 Rb8 27. R1d2 Rb4 28. Rc2 g5 29. Ng4 Ra8 30. b3
Rb6 31. f3 Rba6 32. Rdd2 Rh8 1/2-1/2

[Event "Summer Cup"]
[Site "Wellington Chess Club"]
[Date "2019.02.14"]
[Round "2.8"]
[White "Enegbuma, Wallace"]
[Black "Jackson, Ross"]
[Result "0-1"]
[WhiteElo "1000"]
[BlackElo "1955"]

1. e4 c5 2. f4 d5 3. exd5 Qxd5 4. Nf3 Nc6 5. Be2 Nf6 6. d3 Nd4 7. Nc3 Qd8 8. h3
Nxe2 9. Qxe2 e6 10. b3 Bd6 11. g4 O-O 12. Bd2 Nd5 13. Nxd5 exd5 14. O-O Re8 15.
Qf2 Qc7 16. Rae1 Bd7 17. Nh2 b5 18. Kg2 Bc6 19. d4 Bb7 20. c3 Ba6 21. g5 b4 22.
Ng4 Bxf1+ 23. Kxf1 Rxe1+ 24. Kxe1 Re8+ 25. Kf1 Qe7 26. f5 Qe4 27. Kg1 Qb1+ 28.
Kg2 Qe4+ 29. Kg1 Qe2 30. f6 Qd1+ 0-1